000 00296nam a22001337a 4500
008 170907b xxu||||| |||| 00| 0 eng d
020 _a9780139074523
041 _aeng
080 _a91
100 _a42
101 _aGJEO
245 _aINTRODUCTION TO GEOGRAPHY
_cBERGMAN,E,F
942 _2udc
_cBK
999 _c26609
_d26609